The Cat Returns : Feature = Neko no Ongaeshi /
Una jovencita que estudia la preparatoria, apocada y sin gran confianza en sí misma, madura de la forma menos convencional, al tener que huir del reino de los gatos, donde el rey planea casarla con su hijo en recompensa por haberlo salvado de ser atropellado; a este país van a parar, le explican, la...
Salvato in:
| Autore principale: | |
|---|---|
| Altri autori: | , , |
| Natura: | |
| Lingua: | giapponese |
| Soggetti: | |
| Tags: |
Nessun Tag, puoi essere il primo ad aggiungerne!!
|
MARC
| LEADER | 00000ngm^a2200000^a^4500 | ||
|---|---|---|---|
| 001 | 000374589 | ||
| 005 | 20250521000000.0 | ||
| 009 | 20260526142510.742 | ||
| 020 | |a 0-7888-5772-X | ||
| 037 | |a Acervo ITESO - Biblioteca | ||
| 041 | |a JAP | ||
| 082 | |a 808. 899282 |b MOR V. 1 | ||
| 100 | |a Morita, Hiroyuki |e (realización) | ||
| 240 | 1 | 4 | |a [El regreso del gato] |
| 240 | 1 | 5 | |a [The Cat Returns] |
| 245 | 1 | 4 | |a The Cat Returns : |b Feature = Neko no Ongaeshi / |c Realización de H. Morita. |
| 246 | 2 | |a Título en México: El regreso del gato [DVD] | |
| 246 | 2 | |a Título alternativo en español (Chile): El retorno del gato | |
| 246 | 2 | |a Título alternativo en español (España): Haru en el reino de los gatos | |
| 264 | 2 | |a Los Angeles, EUA : |b Buena Vista [distribución], |c 2002, c2002 | |
| 300 | |a 1 DVD región 1 (75 min.) : |b color | ||
| 336 | |a imagen móvil bidimensional |b tdi |2 rdacontenido | ||
| 337 | |a video |b v |2 rdamedio | ||
| 338 | |a videodisco |b vd |2 rdasoporte | ||
| 500 | |a Basado en: Neko no Ongaeshi, de Aoi Hiiragi | ||
| 520 | |a Una jovencita que estudia la preparatoria, apocada y sin gran confianza en sí misma, madura de la forma menos convencional, al tener que huir del reino de los gatos, donde el rey planea casarla con su hijo en recompensa por haberlo salvado de ser atropellado; a este país van a parar, le explican, las personas que no tienen voluntad ni pensamientos propios. | ||
| 546 | |a En japonés, con subtítulos opcionales: inglés | ||
| 546 | |a Doblaje opcional: francés, inglés | ||
| 649 | |a XX | ||
| 650 | |a Gatos en el Cine | ||
| 650 | |a Adolescentes en el Cine | ||
| 650 | |a Películas Infantiles | ||
| 650 | |a Cine de Animación | ||
| 650 | |a Cine Fantástico | ||
| 650 | |a Opera Prima | ||
| 650 | |a Cine Japonés - |y 2000-2009 | ||
| 650 | |a Cine Japonés - |y Siglo XXI | ||
| 650 | |a Manga (Historieta) - |x Adaptaciones para Cine | ||
| 650 | |a Historietas y Caricaturas Japonesas - |x Adaptaciones para Cine | ||
| 650 | |a Literatura y Cine | ||
| 650 | |a Lugares Mitológicos e Imaginarios en el Cine | ||
| 650 | |a Autoconcepto | ||
| 650 | |a Voluntad | ||
| 650 | |a Confianza en Sí Mismo | ||
| 650 | |a Identidad Personal | ||
| 650 | |a Cambio de Actitud | ||
| 700 | |a Ikewaki, Chizuru |e (voz) | ||
| 700 | |a Hakamada, Yoshihiko |e (voz) | ||
| 700 | |a Watanabe, Tetsu |e (voz) | ||
| 910 | |a Fondo General | ||
| 920 | |a Audiovisuales - DVDs | ||
| 940 | |a Películas | ||
| 905 | |a 308 | ||
| 901 | |a 0500268798 |b IT2 |c DVR |i C147685 |u 20250521 | ||
| 902 | |a https://opac.biblio.iteso.mx/vufind/Record/000374589 | ||